<?xml version="1.0" encoding="UTF-8"?>
<record
    xmlns:xsi="http://www.w3.org/2001/XMLSchema-instance"
    xsi:schemaLocation="http://www.loc.gov/MARC21/slim http://www.loc.gov/standards/marcxml/schema/MARC21slim.xsd"
    xmlns="http://www.loc.gov/MARC21/slim">

  <leader>02501nas a2200277Ia 4500</leader>
  <controlfield tag="001">R050-R761B</controlfield>
  <controlfield tag="003">IT-CnALBA</controlfield>
  <controlfield tag="008">170116c99999999xx ||||||||||||   ||und||</controlfield>
  <datafield tag="040" ind1=" " ind2=" ">
    <subfield code="a">IT-CnALBA</subfield>
    <subfield code="c">IT-CnALBA</subfield>
  </datafield>
  <datafield tag="041" ind1=" " ind2=" ">
    <subfield code="a">ITALIANO</subfield>
  </datafield>
  <datafield tag="100" ind1=" " ind2=" ">
    <subfield code="a">MIELI RENATO</subfield>
  </datafield>
  <datafield tag="210" ind1=" " ind2=" ">
    <subfield code="a">DOCUMENTAZIONE SUI PAESI DELL'EST</subfield>
  </datafield>
  <datafield tag="222" ind1=" " ind2=" ">
    <subfield code="a">DOCUMENTAZIONE SUI PAESI DELL'EST</subfield>
  </datafield>
  <datafield tag="245" ind1=" " ind2="0">
    <subfield code="a">DOCUMENTAZIONE SUI PAESI DELL'EST. VOL. I. ANNO I. 1965. </subfield>
  </datafield>
  <datafield tag="250" ind1=" " ind2=" ">
    <subfield code="a">1a ed.</subfield>
  </datafield>
  <datafield tag="260" ind1=" " ind2=" ">
    <subfield code="a">MILANO</subfield>
    <subfield code="b">CESES, CENTRO STUDI R. PROB. ECON. </subfield>
    <subfield code="c">1965</subfield>
  </datafield>
  <datafield tag="300" ind1=" " ind2=" ">
    <subfield code="a">1006 p. </subfield>
  </datafield>
  <datafield tag="310" ind1=" " ind2=" ">
    <subfield code="a">SETTIMANALE</subfield>
  </datafield>
  <datafield tag="362" ind1=" " ind2=" ">
    <subfield code="a">Fascicolo: 1-14 / Anno: 1 (1965)</subfield>
  </datafield>
  <datafield tag="500" ind1=" " ind2=" ">
    <subfield code="a">CECOSLOVACCHIA. STORIA. ECONOMIA GENERALE. INDUSTRIA AGRICOLTURA. FINANZE. TRASPORTI E COMUNICAZIONI. CULTURA GENERALE. NOTIZIARIO. SOCIET&#xC0; GENERALE. EDUCAZIONE LAVORO SINDACALISMO. FILOSOFIA E IDEOLOGIA. DEMOCRAFIA. OPINIONE PUBBLICA. GERMANIA ORIENTALE. ECONOMIA AGRICOLTURA. JUGOSLAVIA, SOCIALISMO E AUTOGESTONE. FINANZE, TRASPORTI E COMUNICAZIONI. SISTEMA LEGALE. UNGHERIA, LETTERATURA, ATEISMO, FAMIGLIA GIOVENT&#xD9;. EDUCAZIONE, SISTEMA LEGALE, MOVIMENTO COMUNISTA. ALBANIA CONTRO UNINE SOVIETICA. SVILUPPO ECONOMICO NEL COMECON. REAZIONE DI PECHINO E TIRANA ALLA RIUNIONE DI MOSCA. COMMEMORAZIONE NASCITA LENIN. RASSEGNA RIVISTE E LIBRI. CRONOLOGIA. BIBLIOTECA URSS. REDATTORI: ALEKSEJEV L. ARCHIEREEV M. BAKARIC V. BERGER W. BIRMAN A. BLANC S. BONIN G. BREZHNEV M. BYKOV A. DEKKERS R. DZEBA K. FROLOV V. GAEV A. POLONIA ROMANIA. </subfield>
  </datafield>
  <datafield tag="501" ind1=" " ind2=" ">
    <subfield code="a">Societ&#xE0; San Paolo EM - Piazza San Paolo, 14 - 12051 ALBA (CN)  (non commercial uses only) &#xAE; Copyright 2017</subfield>
  </datafield>
  <datafield tag="520" ind1=" " ind2=" ">
    <subfield code="a">CECOSLOVACCHIA. STORIA. ECONOMIA GENERALE. INDUSTRIA AGRICOLTURA. FINANZE. TRASPORTI E COMUNICAZIONI. CULTURA GENERALE. NOTIZIARIO. SOCIET&#xC0; GENERALE. EDUCAZIONE LAVORO SINDACALISMO. FILOSOFIA E IDEOLOGIA. DEMOCRAFIA. OPINIONE PUBBLICA. GERMANIA ORIENTALE. ECONOMIA AGRICOLTURA. JUGOSLAVIA, SOCIALISMO E AUTOGESTONE. FINANZE, TRASPORTI E COMUNICAZIONI. SISTEMA LEGALE. UNGHERIA, LETTERATURA, ATEISMO, FAMIGLIA GIOVENT&#xD9;. EDUCAZIONE, SISTEMA LEGALE, MOVIMENTO COMUNISTA. ALBANIA CONTRO UNINE SOVIETICA. SVILUPPO ECONOMICO NEL COMECON. REAZIONE DI PECHINO E TIRANA ALLA RIUNIONE DI MOSCA. COMMEMORAZIONE NASCITA LENIN. RASSEGNA RIVISTE E LIBRI. CRONOLOGIA. BIBLIOTECA URSS. REDATTORI: ALEKSEJEV L. ARCHIEREEV M. BAKARIC V. BERGER W. BIRMAN A. BLANC S. BONIN G. BREZHNEV M. BYKOV A. DEKKERS R. DZEBA K. FROLOV V. GAEV A. POLONIA ROMANIA. </subfield>
  </datafield>
  <datafield tag="650" ind1=" " ind2=" ">
    <subfield code="a">PERIODICI</subfield>
  </datafield>
  <datafield tag="942" ind1=" " ind2=" ">
    <subfield code="c">CR</subfield>
  </datafield>
  <datafield tag="957" ind1=" " ind2=" ">
    <subfield code="7">1</subfield>
  </datafield>
  <datafield tag="999" ind1=" " ind2=" ">
    <subfield code="a">14739</subfield>
    <subfield code="b">NO</subfield>
    <subfield code="g">1</subfield>
    <subfield code="c">322697</subfield>
    <subfield code="d">322697</subfield>
  </datafield>
  <datafield tag="952" ind1=" " ind2=" ">
    <subfield code="0">0</subfield>
    <subfield code="1">0</subfield>
    <subfield code="4">0</subfield>
    <subfield code="6">R_050R761B</subfield>
    <subfield code="7">1</subfield>
    <subfield code="a">ALBA</subfield>
    <subfield code="b">ALBA</subfield>
    <subfield code="d">2017-01-16</subfield>
    <subfield code="l">0</subfield>
    <subfield code="o">R050-R761B</subfield>
    <subfield code="r">2017-01-16 00:00:00</subfield>
    <subfield code="w">2017-01-16</subfield>
    <subfield code="y">CR</subfield>
    <subfield code="z">(data import: 16 gennaio 2017) - By Epidotti, Vaglietti. </subfield>
  </datafield>
</record>
